000 00549nam a2200217Ia 4500
003 0100
008 130307s9999 xx 000 0 und d
040 _cARRUPELIB
050 _aBD450.M27 1966
245 _aReflections on man
245 _breadings in philosophical psychology from classical philosophy to existentialism
260 _aNew York
260 _bHarcourt, Brace and World
260 _c1966
300 _a702p.
300 _b23cm
650 _aPHILOSOPHY
650 _bBacon, Roger
700 _aMann, Jesse A
942 0 0 _01
999 _c94542
_d94542